Le jeune médecin, ou, L'influence des perruques : comédie en un acte et en prose /
Saved in:
| Main Author: | |
|---|---|
| Other Authors: | |
| Format: | Book |
| Language: | French |
| Published: |
A Paris :
Chez Martinet ... : Impr. de Chaignieau ainé,
1807.
|
| Subjects: | |
| Tags: |
Add Tag
No Tags, Be the first to tag this record!
|
| LEADER | 01303nam a2200337Ia 4500 | ||
|---|---|---|---|
| 001 | 003473109-1 | ||
| 005 | 20020606093309.7 | ||
| 008 | 911223s1807 fr 000 0 fre d | ||
| 035 | 0 | |a ocm25011865 | |
| 040 | |a NDD |c NDD |d HLS | ||
| 050 | 4 | |a PQ2381 |b .J48 1807 | |
| 100 | 1 | |a Picard, L.-B. |q (Louis-Benoît), |d 1769-1828. | |
| 245 | 1 | 3 | |a Le jeune médecin, ou, L'influence des perruques : |b comédie en un acte et en prose / |c par L.B. Picard ... |
| 246 | 3 | |a Influence des perruques. | |
| 246 | 3 | 0 | |a Jeune médecin |
| 260 | |a A Paris : |b Chez Martinet ... : |b Impr. de Chaignieau ainé, |c 1807. | ||
| 300 | |a 41, [3] p. ; |c 22 cm. | ||
| 500 | |a "Représentée pour la première fois. à Paris, sur le théâtre de S.M. 'imperatrice, le 12 mars 1807." | ||
| 510 | 4 | |a Cioranescu, A. 18. s., |c 49876 | |
| 650 | 0 | |a French drama |y 19th century. | |
| 655 | 0 | |a One-act plays. | |
| 655 | 7 | |a Comedies |z France |y 19th century. |2 rbgenr | |
| 655 | 7 | |a Plays |z France |y 19th century. |2 rbgenr | |
| 655 | 7 | |a Booksellers' advertisements |z France |z Paris |y 19th century. |2 rbgenr | |
| 655 | 7 | |a One-act plays. |2 lcgft | |
| 655 | 7 | |a One-act plays. |2 fast | |
| 700 | 1 | |a Martinet, Aaron, |d 1762-1841, |e bookseller. | |
| 700 | 1 | |a Chaignieau, François, |d 1757-1832, |e printer. | |
| 752 | |a France |d Paris. | ||
| 988 | |a 20020608 | ||
| 906 | |0 OCLC | ||


